| 000 | 00546nam a2200205Ia 4500 | ||
|---|---|---|---|
| 999 |
_c35607 _d35607 |
||
| 001 | 1471 | ||
| 003 | GE_BSU | ||
| 005 | 20250310114253.0 | ||
| 008 | 181216s1992||||fr |||||||||||||| ||fre|| | ||
| 020 | _a2288824018 | ||
| 040 | _cGE_BSU | ||
| 041 | _afre | ||
| 080 | _a821.133.1 L-81 | ||
| 245 | _aLiterature Anthologie Francophone-Nathan,Agence de cooperation culturelle et Technique | ||
| 264 |
_aParis, _c1992. |
||
| 300 | _a448 p. | ||
| 653 | _aფრაგული ენა | ||
| 653 | _aანთოლოგია | ||
| 942 |
_cBK _2udc |
||